[Event "SVK-chT2A 1617"]
[Site "Slovakia"]
[Date "2016.12.03"]
[Round "5.5"]
[White "Janos, Ivan"]
[Black "Hurban, Martin"]
[Result "0-1"]
[WhiteElo "2008"]
[BlackElo "1966"]
[PlyCount "44"]
[EventDate "2016.10.08"]
[EventType "team-tourn"]
[EventRounds "11"]
[EventCountry "SVK"]
[SourceTitle "EXT 2018"]
[Source "ChessBase"]
[SourceDate "2017.10.13"]
[SourceVersion "1"]
[SourceVersionDate "2017.10.13"]
[SourceQuality "1"]
[WhiteTeam "Krasnany"]
[BlackTeam "Devinska Nova Ves II"]
[WhiteTeamCountry "SVK"]
[BlackTeamCountry "SVK"]

1. e4 e6 2. d4 d5 3. Nc3 Bb4 4. e5 c5 5. Qg4 Ne7 6. dxc5 Nbc6 7. Nf3 d4 8. a3 Qa5 9. Rb1 dxc3 10. axb4 Qa2 11. bxc3 Qxb1 12. Kd2 0-0 13. Bd3 Ng6 14. Re1 Rd8 15. Qc4 Rd5 16. Ba3 Ncxe5 17. Nxe5 Nxe5 18. Qb5 Bd7 19. Qxb7 Rxd3+ 20. cxd3 Qxd3+ 21. Kc1 Qxc3+ 22. Kd1 Ba4+ 0-1

[Event "SVK-chT2A 1617"]
[Site "Slovakia"]
[Date "2016.11.05"]
[Round "3.5"]
[White "Sefcik, Marek"]
[Black "Hurban, Martin"]
[Result "0-1"]
[WhiteElo "2035"]
[BlackElo "1966"]
[PlyCount "84"]
[EventDate "2016.10.08"]
[EventType "team-tourn"]
[EventRounds "11"]
[EventCountry "SVK"]
[SourceTitle "CBM 175 Extra"]
[Source "ChessBase"]
[SourceDate "2016.12.12"]
[SourceVersion "1"]
[SourceVersionDate "2016.12.12"]
[SourceQuality "1"]
[WhiteTeam "Osuske II"]
[BlackTeam "Devinska Nova Ves II"]
[WhiteTeamCountry "SVK"]
[BlackTeamCountry "SVK"]

1. Nf3 d5 2. b3 c5 3. e3 Nc6 4. Bb2 Nf6 5. Bb5 Bd7 6. 0-0 a6 7. Bxc6 Bxc6 8. Ne5 g6 9. d3 Bg7 10. Nd2 0-0 11. f4 Qc7 12. Qe1 Rad8 13. Qh4 b5 14. Rf3 Bb7 15. Rh3 Bc8 16. g4 h5 17. gxh5 Bxh3 18. Qxh3 Nxh5 19. Ndf3 c4 20. Bd4 cxd3 21. cxd3 Qc2 22. b4 e6 23. Nxg6 fxg6 24. Qxe6+ Kh7 25. Ng5+ Kh6 26. Bxg7+ Nxg7 27. Nf7+ Rxf7 28. Qxf7 Qxd3 29. Re1 Re8 30. Kf2 Qd2+ 31. Re2 Qxb4 32. Qxd5 Qe4 33. Qg5+ Kh7 34. Qf6 Re6 35. Qf7 Qh1 36. Kg3 Qg1+ 37. Kf3 Qf1+ 38. Rf2 Qh3+ 39. Ke2 Rxe3+ 40. Kd2 Rd3+ 41. Kc2 Rc3+ 42. Kb2 Qe3 0-1

[Event "SVK-chT2A 1516"]
[Site "Slovakia"]
[Date "2016.02.14"]
[Round "9.5"]
[White "Hurban, Martin"]
[Black "Capanda, Jan"]
[Result "1-0"]
[WhiteElo "1937"]
[BlackElo "1850"]
[PlyCount "77"]
[EventDate "2015.10.17"]
[EventType "team-tourn"]
[EventRounds "11"]
[EventCountry "SVK"]
[SourceTitle "EXT 2017"]
[Source "ChessBase"]
[SourceDate "2016.10.25"]
[SourceVersion "1"]
[SourceVersionDate "2016.10.25"]
[SourceQuality "1"]
[WhiteTeam "Devinska Nova Ves II"]
[BlackTeam "Trnava Modranka"]
[WhiteTeamCountry "SVK"]
[BlackTeamCountry "SVK"]

1. e4 Nf6 2. e5 Nd5 3. d4 e6 4. Nf3 d6 5. c4 Nb6 6. Nc3 dxe5 7. Nxe5 N8d7 8. Nf3 h6 9. Be3 Be7 10. b3 Bf6 11. Qc2 Qe7 12. Be2 c5 13. Rd1 cxd4 14. Nxd4 0-0 15. 0-0 Be5 16. Rfe1 Nf6 17. Bf3 Nbd7 18. Ne4 a6 19. g3 Bc7 20. Bc1 Nxe4 21. Qxe4 Ne5 22. Bg2 Nd7 23. Bb2 Qc5 24. Nxe6 fxe6 25. Qxe6+ Rf7 26. Bd5 Qxf2+ 27. Kh1 Nf8 28. Qe2 Be6 29. Bxe6 Nxe6 30. Qxe6 Qxb2 31. Rf1 Raf8 32. Rxf7 Rxf7 33. Rf1 Qe5 34. Qxf7+ Kh8 35. Qf8+ Kh7 36. Qf5+ Kg8 37. Qxe5 Bxe5 38. Kg2 Bf6 39. Rd1 1-0

[Event "SVK-chT2A 1516"]
[Site "Slovakia"]
[Date "2015.12.05"]
[Round "5.7"]
[White "Vrtiakova, Anna"]
[Black "Hurban, Martin"]
[Result "0-1"]
[WhiteElo "1970"]
[BlackElo "1937"]
[PlyCount "88"]
[EventDate "2015.10.17"]
[EventType "team-tourn"]
[EventRounds "11"]
[EventCountry "SVK"]
[SourceTitle "CBM 169 Extra"]
[Source "ChessBase"]
[SourceDate "2015.12.18"]
[SourceVersion "1"]
[SourceVersionDate "2015.12.18"]
[SourceQuality "1"]
[WhiteTeam "Bratislava KSN"]
[BlackTeam "Devinska Nova Ves II"]
[WhiteTeamCountry "SVK"]
[BlackTeamCountry "SVK"]

1. e4 e6 2. d4 d5 3. Nc3 Bb4 4. e5 c5 5. a3 Bxc3+ 6. bxc3 Ne7 7. Qg4 Qc7 8. Qxg7 Rg8 9. Qxh7 cxd4 10. Ne2 dxc3 11. f4 Nbc6 12. Qd3 Nf5 13. Qxc3 Bd7 14. Bd2 0-0-0 15. 0-0-0 Kb8 16. Kb2 Rc8 17. g3 Qb6+ 18. Qb3 Qc5 19. Bb4 Nxb4 20. axb4 Qf2 21. Qd3 Rc4 22. c3 Rgc8 23. Rc1 Bb5 24. Qd2 d4 25. Rc2 dxc3+ 26. Nxc3 Rxb4+ 27. Ka3 Qc5 28. Bxb5 Rxb5+ 29. Ka2 Rb6 30. Rb2 Qa5+ 31. Kb1 Qxc3 32. Qxc3 Rxc3 33. Rxb6 axb6 34. g4 Nh4 35. Rd1 Kc7 36. Rf1 Rc4 37. h3 Ng6 38. f5 Nxe5 39. fxe6 fxe6 40. g5 Rh4 41. Rf6 Rxh3 42. Rxe6 Nc6 43. g6 Rg3 44. Kb2 b5 0-1

[Event "SVK-chT2A 1516"]
[Site "Slovakia"]
[Date "2015.11.08"]
[Round "4.6"]
[White "Hurban, Martin"]
[Black "Hartl, Jan"]
[Result "1/2-1/2"]
[WhiteElo "1937"]
[BlackElo "2025"]
[PlyCount "64"]
[EventDate "2015.10.17"]
[EventType "team-tourn"]
[EventRounds "11"]
[EventCountry "SVK"]
[SourceTitle "CBM 169 Extra"]
[Source "ChessBase"]
[SourceDate "2015.12.18"]
[SourceVersion "1"]
[SourceVersionDate "2015.12.18"]
[SourceQuality "1"]
[WhiteTeam "Devinska Nova Ves II"]
[BlackTeam "Pezinok"]
[WhiteTeamCountry "SVK"]
[BlackTeamCountry "SVK"]

1. e4 e5 2. Nf3 Nc6 3. Bb5 a6 4. Ba4 Nf6 5. 0-0 Be7 6. Re1 b5 7. Bb3 0-0 8. c3 d6 9. h3 Na5 10. Bc2 c5 11. d4 Nd7 12. Nbd2 cxd4 13. cxd4 Nc6 14. Nf1 Bf6 15. d5 Nb4 16. Bb1 a5 17. Ne3 g6 18. a4 Ba6 19. Nc2 Nxc2 20. Bxc2 b4 21. Bd3 Qc8 22. Bh6 Re8 23. Rc1 Qb7 24. Bxa6 Rxa6 25. Nd2 Rc8 26. Qf3 Raa8 27. Nc4 Be7 28. Re2 Qc7 29. Rec2 Qd8 30. Be3 Rcb8 31. b3 Qf8 32. g4 Bd8 1/2-1/2

[Event "SVK-chT2A 1415"]
[Site "Slovakia"]
[Date "2015.03.08"]
[Round "11.8"]
[White "Kostial, Jan"]
[Black "Hurban, Martin"]
[Result "0-1"]
[WhiteElo "1000"]
[BlackElo "1930"]
[PlyCount "68"]
[EventDate "2014.10.11"]
[EventType "team-tourn"]
[EventRounds "11"]
[EventCountry "SVK"]
[SourceTitle "EXT 2016"]
[Source "ChessBase"]
[SourceDate "2015.10.08"]
[SourceVersion "1"]
[SourceVersionDate "2015.10.08"]
[SourceQuality "1"]
[WhiteTeam "Bratislava DP"]
[BlackTeam "Devinska Nova Ves II"]
[WhiteTeamCountry "SVK"]
[BlackTeamCountry "SVK"]

1. d4 d5 2. Nf3 Nf6 3. g3 e6 4. Bg2 c5 5. c3 Nc6 6. Bg5 h6 7. Bxf6 Qxf6 8. 0-0 Be7 9. Nbd2 cxd4 10. Nxd4 Nxd4 11. cxd4 Qxd4 12. e4 dxe4 13. Nxe4 Qb6 14. Qc2 Bd7 15. Rfd1 Rc8 16. Qd2 Rd8 17. Nd6+ Bxd6 18. Qxd6 Qxd6 19. Rxd6 Ke7 20. Rd4 b6 21. Bb7 Bc8 22. Rxd8 Rxd8 23. Bf3 Rd2 24. b4 e5 25. b5 Bf5 26. Bc6 Bd3 27. a4 Bc4 28. a5 bxa5 29. Rxa5 Ra2 30. Rxa2 Bxa2 31. Kg2 Kd6 32. f4 exf4 33. gxf4 Bd5+ 34. Bxd5 Kxd5 0-1

[Event "SVK-chT2A 1213"]
[Site "Slovakia"]
[Date "2012.12.15"]
[Round "5.8"]
[White "Hurban, Martin"]
[Black "Kosar, Mikulas1111"]
[Result "1-0"]
[WhiteElo "1935"]
[BlackElo "1738"]
[PlyCount "75"]
[EventDate "2012.10.13"]
[EventType "team-tourn"]
[EventRounds "11"]
[EventCountry "SVK"]
[SourceTitle "EXT 2015"]
[Source "ChessBase"]
[SourceDate "2014.11.20"]
[SourceVersion "1"]
[SourceVersionDate "2014.11.20"]
[SourceQuality "1"]
[WhiteTeam "Devinska Nova Ves"]
[BlackTeam "Gabcikovo"]
[WhiteTeamCountry "SVK"]
[BlackTeamCountry "SVK"]

1. e4 e5 2. Nf3 Nf6 3. Nxe5 d6 4. Nf3 Nxe4 5. d4 d5 6. Bd3 Nf6 7. 0-0 Be7 8. Re1 0-0 9. Nbd2 Re8 10. Nf1 Nc6 11. c3 Bf8 12. Bg5 Rxe1 13. Qxe1 g6 14. Ne3 Qd6 15. Bxf6 Qxf6 16. Nxd5 Qd6 17. Ne3 Ne7 18. Nc4 Qf6 19. Nce5 Bf5 20. Bc4 Be6 21. Bxe6 fxe6 22. Nd7 Qf5 23. Nc5 Kf7 24. Nxe6 c6 25. Nc5 b6 26. Ne4 Nd5 27. Ne5+ Kg8 28. Nxc6 Re8 29. Ne5 Qf4 30. Qe2 Bg7 31. g3 Qf5 32. Nd6 Rxe5 33. Qxe5 Qxe5 34. dxe5 Bxe5 35. Nc4 Bf6 36. Rd1 Nc7 37. Rd7 Nb5 38. a4 1-0

[Event "SVK-chT2A 10/11"]
[Site "Slovakia"]
[Date "2010.10.24"]
[Round "2.8"]
[White "Hurban, Martin"]
[Black "Jelenciak, Jozef"]
[Result "1-0"]
[WhiteElo "1934"]
[BlackElo "1934"]
[PlyCount "111"]
[EventDate "2010.10.23"]
[EventType "team-tourn"]
[EventRounds "11"]
[EventCountry "SVK"]
[SourceTitle "EXT 2019"]
[Source "ChessBase"]
[SourceDate "2018.10.10"]
[SourceVersion "1"]
[SourceVersionDate "2018.10.10"]
[SourceQuality "1"]
[WhiteTeam "Devinska Nova Ves"]
[BlackTeam "Bratislava Doprastav III"]
[WhiteTeamCountry "SVK"]
[BlackTeamCountry "SVK"]

1. e4 Nf6 2. e5 Nd5 3. d4 d6 4. c4 Nb6 5. exd6 cxd6 6. Nc3 g6 7. Be3 Bg7 8. Nf3 Bg4 9. h3 Bxf3 10. Qxf3 Nc6 11. Rd1 0-0 12. Be2 Qd7 13. 0-0 Rfd8 14. d5 Ne5 15. Qe4 Rac8 16. Bxb6 axb6 17. Nb5 Qf5 18. Qxf5 gxf5 19. b3 f4 20. Rfe1 Bf6 21. Rd4 Ng6 22. Re4 Be5 23. Bg4 Ra8 24. a4 Kg7 25. Nd4 Bxd4 26. Rxd4 Kh6 27. Bf5 Ne5 28. Rxf4 Rg8 29. Be4 Rg5 30. Rh4+ Rh5 31. Rxh5+ Kxh5 32. Bxh7 Kg5 33. Be4 Rg8 34. g3 Kf6 35. Kg2 Nd7 36. f4 b5 37. axb5 Ra8 38. Kf3 Nc5 39. Bc2 Ra2 40. Re2 Rb2 41. g4 Kg7 42. f5 Kf8 43. h4 Nd7 44. g5 Ne5+ 45. Kf4 Ra2 46. h5 Ra1 47. Be4 Rf1+ 48. Kg3 Rg1+ 49. Bg2 Rd1 50. Re3 Rd3 51. Rxd3 Nxd3 52. Be4 Ne5 53. Kf4 b6 54. f6 exf6 55. gxf6 Kg8 56. Bf5 1-0

[Event "Bratislava Doprastav op"]
[Site "Bratislava"]
[Date "2010.07.04"]
[Round "4"]
[White "Rinaldi, Francesco Saverio"]
[Black "Hurban, Martin"]
[Result "1-0"]
[WhiteElo "2182"]
[BlackElo "1928"]
[PlyCount "83"]
[EventDate "2010.07.02"]
[EventType "swiss"]
[EventRounds "9"]
[EventCountry "SVK"]
[SourceTitle "EXT 2012"]
[Source "ChessBase"]
[SourceDate "2011.11.24"]
[SourceVersion "1"]
[SourceVersionDate "2011.11.24"]
[SourceQuality "1"]

1. d4 d5 2. Nf3 Nf6 3. e3 e6 4. Bd3 Nbd7 5. Nbd2 Bd6 6. 0-0 0-0 7. Re1 c5 8. c3 e5 9. e4 dxe4 10. Nxe4 Nxe4 11. Bxe4 exd4 12. cxd4 cxd4 13. Qxd4 Bc5 14. Qc4 Qb6 15. Qc2 Nf6 16. Bd3 h6 17. a3 Bg4 18. b4 Bd6 19. Be3 Qc7 20. Qxc7 Bxc7 21. Rac1 Bb6 22. Bf4 Rad8 23. Ne5 Be6 24. Bb5 Nd5 25. Bg3 a6 26. Ba4 Bd4 27. Ng6 Bb2 28. Nxf8 Kxf8 29. Rcd1 b5 30. Bb3 Bxa3 31. Re5 Bxb4 32. Bxd5 Bc3 33. Re3 b4 34. Bb3 Rxd1+ 35. Bxd1 Ke7 36. Bb3 Kd7 37. Ba4+ Kc8 38. Be5 Bxe5 39. Rxe5 Kb7 40. Kf1 Kb6 41. Ke1 a5 42. Kd2 1-0

[Event "Bratislava Doprastav op"]
[Site "Bratislava"]
[Date "2010.07.03"]
[Round "3"]
[White "Tomcik, Leon"]
[Black "Hurban, Martin"]
[Result "0-1"]
[WhiteElo "1675"]
[BlackElo "1928"]
[PlyCount "72"]
[EventDate "2010.07.02"]
[EventType "swiss"]
[EventRounds "9"]
[EventCountry "SVK"]
[SourceTitle "EXT 2012"]
[Source "ChessBase"]
[SourceDate "2011.11.24"]
[SourceVersion "1"]
[SourceVersionDate "2011.11.24"]
[SourceQuality "1"]

1. e4 e6 2. d4 d5 3. e5 c5 4. c3 Qb6 5. Nf3 Nc6 6. Be2 cxd4 7. cxd4 Nh6 8. Bxh6 Qxb2 9. Nbd2 gxh6 10. 0-0 Nxd4 11. Qa4+ Nc6 12. Rfb1 Qc3 13. Rc1 Qb4 14. Qd1 Bg7 15. Rab1 Qe7 16. Bb5 Bd7 17. Bxc6 Bxc6 18. Qe2 0-0 19. Nd4 Rfc8 20. Rc3 Ba4 21. Rg3 Bc2 22. Rb2 Bg6 23. Rgb3 b6 24. Nb5 Rc1+ 25. Nf1 Rac8 26. Nd6 R8c6 27. h3 Qg5 28. Nb5 Rxf1+ 29. Kh2 Rcc1 30. Qg4 Bxe5+ 31. g3 Rh1+ 32. Kg2 Rhg1+ 33. Kf3 Be4+ 34. Qxe4 dxe4+ 35. Kxe4 Qf5+ 36. Ke3 Bxb2 0-1

[Event "Brezova op"]
[Site "Brezova pod Bradlom"]
[Date "2009.08.25"]
[Round "5"]
[White "Hurban, Martin"]
[Black "Nemsak, Denis"]
[Result "1-0"]
[WhiteElo "1946"]
[BlackElo "1644"]
[PlyCount "69"]
[EventDate "2009.08.22"]
[EventType "swiss"]
[EventRounds "9"]
[EventCountry "SVK"]
[SourceTitle "CBM 132 Extra"]
[Source "ChessBase"]
[SourceDate "2009.11.03"]
[SourceVersion "1"]
[SourceVersionDate "2009.11.03"]
[SourceQuality "1"]

1. e4 d5 2. exd5 Nf6 3. d4 Nxd5 4. c4 Nf6 5. Nc3 Bf5 6. Nf3 e6 7. Be2 Nbd7 8. 0-0 c5 9. Bf4 Rc8 10. Re1 Be7 11. d5 exd5 12. cxd5 Nh5 13. Nh4 Nxf4 14. Nxf5 0-0 15. Bf3 Bf6 16. Ne4 Rb8 17. Qd2 Ng6 18. Rac1 Qb6 19. b3 Nge5 20. Be2 Qc7 21. Qf4 Kh8 22. Qg3 Qb6 23. d6 Ng6 24. Bc4 Qa5 25. a4 Be5 26. Qf3 Bf4 27. Rcd1 Nde5 28. Qh3 Nxc4 29. bxc4 Qxa4 30. g3 Be5 31. Ng5 h6 32. Nxh6 Rfe8 33. Nhxf7+ Kg8 34. Qh7+ Kf8 35. Qxg6 1-0

[Event "Brezova op"]
[Site "Brezova pod Bradlom"]
[Date "2009.08.24"]
[Round "4"]
[White "Hajek, Lukas"]
[Black "Hurban, Martin"]
[Result "1-0"]
[WhiteElo "1666"]
[BlackElo "1946"]
[PlyCount "137"]
[EventDate "2009.08.22"]
[EventType "swiss"]
[EventRounds "9"]
[EventCountry "SVK"]
[SourceTitle "CBM 132 Extra"]
[Source "ChessBase"]
[SourceDate "2009.11.03"]
[SourceVersion "1"]
[SourceVersionDate "2009.11.03"]
[SourceQuality "1"]

1. d4 d5 2. c4 e6 3. Nc3 Nf6 4. cxd5 exd5 5. Bg5 Nbd7 6. e3 Be7 7. Bd3 0-0 8. Qc2 h6 9. Bh4 Re8 10. Nge2 c6 11. 0-0 Ne4 12. Bg3 Nxg3 13. Nxg3 Nf6 14. Rfd1 Bd6 15. Nf5 Bb8 16. Re1 Qc7 17. g3 a5 18. a4 Be6 19. Ne2 Bxf5 20. Bxf5 Ne4 21. Nf4 Ng5 22. Qe2 Qe7 23. Nd3 Qf6 24. Bg4 Bd6 25. Kg2 g6 26. h4 Ne4 27. h5 Qg7 28. hxg6 fxg6 29. Rh1 h5 30. Bf3 Ng5 31. Qc2 Re7 32. Nf4 Kf7 33. Nxg6 Ne4 34. Bxh5 Rf8 35. Nxf8+ Kxf8 36. Qe2 Nxg3 37. Qf3+ Nf5+ 38. Kf1 Qf6 39. Ke2 Rg7 40. Bg4 Rg5 41. Bxf5 Rxf5 42. Qg2 Ke8 43. Rh7 Be7 44. Rf1 c5 45. Qg7 Qe6 46. Qxe7+ Qxe7 47. Rxe7+ Kxe7 48. dxc5 Kd7 49. Rc1 Rh5 50. b3 Rh2 51. Rc2 Kc6 52. Kf3 Rh4 53. Kg3 Re4 54. Rc3 d4 55. exd4 Rxd4 56. f4 Kd5 57. Kg4 Rb4 58. Kg5 Ke6 59. f5+ Kf7 60. f6 Rd4 61. c6 bxc6 62. Rxc6 Rd5+ 63. Kf4 Rd3 64. Rb6 Rc3 65. Ke4 Rh3 66. Kd4 Rg3 67. Kc4 Rf3 68. Kb5 Rf5+ 69. Ka6 1-0

[Event "Brezova op"]
[Site "Brezova pod Bradlom"]
[Date "2009.08.23"]
[Round "2"]
[White "Spacek, Oliver"]
[Black "Hurban, Martin"]
[Result "0-1"]
[WhiteElo "1724"]
[BlackElo "1946"]
[PlyCount "64"]
[EventDate "2009.08.22"]
[EventType "swiss"]
[EventRounds "9"]
[EventCountry "SVK"]
[SourceTitle "CBM 132 Extra"]
[Source "ChessBase"]
[SourceDate "2009.11.03"]
[SourceVersion "1"]
[SourceVersionDate "2009.11.03"]
[SourceQuality "1"]

1. d4 d5 2. c4 e6 3. Nc3 Nf6 4. cxd5 exd5 5. Bg5 Nbd7 6. e3 Be7 7. Bd3 0-0 8. Qc2 Re8 9. Nge2 c6 10. 0-0 Nf8 11. f3 Ne6 12. Bxf6 Bxf6 13. Bxh7+ Kh8 14. Bf5 Ng5 15. Bxc8 Rxc8 16. f4 Ne4 17. Rf3 Kg8 18. g4 Qa5 19. g5 Bd8 20. Ng3 Nd6 21. Nf5 Be7 22. Nxd6 Bxd6 23. Rh3 g6 24. f5 Qd8 25. f6 Qd7 26. Qg2 b5 27. Rf1 b4 28. Na4 c5 29. Nxc5 Rxc5 30. dxc5 Bxc5 31. Rff3 Re4 32. Qg3 Rg4 0-1

[Event "Bratislava Doprastav op"]
[Site "Bratislava"]
[Date "2009.07.09"]
[Round "7"]
[White "Hrivnak, Dusan"]
[Black "Hurban, Martin"]
[Result "0-1"]
[WhiteElo "1774"]
[BlackElo "1946"]
[PlyCount "120"]
[EventDate "2009.07.04"]
[EventType "swiss"]
[EventRounds "9"]
[EventCountry "SVK"]
[SourceTitle "EXT 2015"]
[Source "ChessBase"]
[SourceDate "2014.11.20"]
[SourceVersion "1"]
[SourceVersionDate "2014.11.20"]
[SourceQuality "1"]

1. e4 e5 2. Nf3 Nc6 3. Bc4 Nf6 4. d3 Be7 5. h3 d6 6. c3 0-0 7. 0-0 Na5 8. Bb5 a6 9. Ba4 b5 10. Bc2 c5 11. Re1 Qc7 12. Qe2 Re8 13. Nbd2 Bf8 14. Nb3 Nc6 15. Bg5 Nd7 16. Nbd2 h6 17. Bh4 g6 18. Nf1 Bg7 19. Ne3 Nb6 20. Bb3 Na5 21. Nd5 Nxd5 22. Bxd5 Bb7 23. Bxb7 Qxb7 24. c4 Nc6 25. Bg3 a5 26. a3 a4 27. cxb5 Qxb5 28. Qc2 Reb8 29. Rab1 Nd4 30. Nxd4 cxd4 31. f4 Rc8 32. Qd2 Rab8 33. Kh2 Qb3 34. Re2 Rc5 35. Qd1 Rcb5 36. Qxb3 Rxb3 37. Rd2 Rxa3 38. bxa3 Rxb1 39. Rc2 Rb3 40. Rc8+ Kh7 41. Rc7 f6 42. fxe5 fxe5 43. Be1 Rxa3 44. Bb4 Rxd3 45. Bxd6 Kg8 46. Ra7 Re3 47. Rxa4 Rxe4 48. Ra3 Kf7 49. Kg3 Ke6 50. Bb4 Re2 51. Kf3 Rb2 52. Ra6+ Kd5 53. Rd6+ Kc4 54. Rxg6 Rxb4 55. Rxg7 Rb3+ 56. Kf2 e4 57. Rc7+ Kd3 58. Rc1 e3+ 59. Kf1 e2+ 60. Kf2 Kd2 0-1

[Event "Bratislava Doprastav op"]
[Site "Bratislava"]
[Date "2009.07.08"]
[Round "6"]
[White "Hurban, Martin"]
[Black "Hronec, Martin"]
[Result "1/2-1/2"]
[WhiteElo "1946"]
[BlackElo "1650"]
[PlyCount "101"]
[EventDate "2009.07.04"]
[EventType "swiss"]
[EventRounds "9"]
[EventCountry "SVK"]
[SourceTitle "EXT 2015"]
[Source "ChessBase"]
[SourceDate "2014.11.20"]
[SourceVersion "1"]
[SourceVersionDate "2014.11.20"]
[SourceQuality "1"]

1. e4 e6 2. d4 d5 3. Nc3 Bb4 4. e5 c5 5. a3 Bxc3+ 6. bxc3 Qa5 7. Bd2 Qa4 8. Bd3 c4 9. Be2 Nc6 10. f4 Bd7 11. Nf3 0-0-0 12. 0-0 Nge7 13. Qb1 f6 14. Ra2 Rdf8 15. Rb2 b6 16. Ra2 Be8 17. Nh4 Ng6 18. Be1 h6 19. Bg4 f5 20. Be2 Rfg8 21. Qc1 Nd8 22. Kh1 Nxh4 23. Bxh4 Nf7 24. g4 g5 25. gxf5 exf5 26. Bg3 g4 27. Qe3 Nd8 28. e6 Rg6 29. Qe5 Rxe6 30. Qxh8 Rxe2 31. Qf8 Qd7 32. Qf6 Nf7 33. Raa1 Nd6 34. Rae1 Ne4 35. Qxh6 Rxc2 36. Re3 Ra2 37. Qf8 Rc2 38. Rfe1 Kb7 39. Bh4 Ka6 40. Qh8 Ra2 41. Qf8 Qe6 42. R1e2 Rxe2 43. Rxe2 Ng3+ 44. Bxg3 Qxe2 45. Kg1 Qe4 46. Qb4 Qc2 47. Qf8 Qxc3 48. Qxe8 Qxd4+ 49. Bf2 Qa1+ 50. Be1 Qd4+ 51. Bf2 1/2-1/2

[Event "Bratislava Doprastav op"]
[Site "Bratislava"]
[Date "2009.07.07"]
[Round "5"]
[White "Jambrich, Jaromir"]
[Black "Hurban, Martin"]
[Result "0-1"]
[WhiteElo "1640"]
[BlackElo "1946"]
[PlyCount "62"]
[EventDate "2009.07.04"]
[EventType "swiss"]
[EventRounds "9"]
[EventCountry "SVK"]
[SourceTitle "EXT 2015"]
[Source "ChessBase"]
[SourceDate "2014.11.20"]
[SourceVersion "1"]
[SourceVersionDate "2014.11.20"]
[SourceQuality "1"]

1. Nf3 d5 2. b3 Nf6 3. Bb2 c5 4. e3 Nc6 5. Bb5 Qc7 6. 0-0 Bg4 7. d3 e6 8. Nbd2 Bd6 9. h3 Bh2+ 10. Kh1 h5 11. Bxc6+ bxc6 12. Qe1 Bd6 13. c4 Be7 14. Ne5 Bf5 15. e4 Bh7 16. Qe2 d4 17. f4 h4 18. Ng4 Nh5 19. Qf3 Ng3+ 20. Kg1 Nxf1 21. Rxf1 Bg6 22. e5 0-0-0 23. Ne4 Rhf8 24. Nd6+ Bxd6 25. exd6 Rxd6 26. Ne5 Bf5 27. Ba3 Qa5 28. Nxc6 Qxa3 29. Ne7+ Kc7 30. Nxf5 exf5 31. Re1 Re6 0-1

[Event "Bratislava Doprastav op"]
[Site "Bratislava"]
[Date "2009.07.05"]
[Round "3"]
[White "Sucik, Samuel"]
[Black "Hurban, Martin"]
[Result "0-1"]
[WhiteElo "1688"]
[BlackElo "1946"]
[PlyCount "76"]
[EventDate "2009.07.04"]
[EventType "swiss"]
[EventRounds "9"]
[EventCountry "SVK"]
[SourceTitle "EXT 2015"]
[Source "ChessBase"]
[SourceDate "2014.11.20"]
[SourceVersion "1"]
[SourceVersionDate "2014.11.20"]
[SourceQuality "1"]

1. d4 d5 2. c4 c6 3. Nf3 Nf6 4. e3 e6 5. Bd3 Nbd7 6. c5 b6 7. cxb6 axb6 8. 0-0 Bd6 9. Nc3 0-0 10. Bd2 Qe7 11. Qe2 Bb7 12. Rfc1 Rfc8 13. b3 c5 14. Nb5 Bb8 15. a4 Ne4 16. Be1 e5 17. dxe5 Nxe5 18. Nxe5 Qxe5 19. g3 Rc6 20. f3 Nf6 21. Bf2 Qh5 22. Qd1 Re6 23. Be2 Qh6 24. Ra2 Be5 25. Rd2 g5 26. Rdc2 Bb8 27. Rc3 g4 28. Rd3 gxf3 29. Bxf3 Ne4 30. Bxe4 Rxe4 31. Nc3 Re6 32. Nxd5 Be5 33. Nf4 Ree8 34. Rd2 Qc6 35. Nd5 Kh8 36. h4 Qg6 37. Kh2 Qe4 38. Kg1 Rad8 0-1

[Event "SVK-chT2A 0708"]
[Site "Slovakia"]
[Date "2007.12.01"]
[Round "5.8"]
[White "Novak, Stanislav"]
[Black "Hurban, Martin"]
[Result "1-0"]
[WhiteElo "1999"]
[BlackElo "1897"]
[PlyCount "61"]
[EventDate "2007.10.06"]
[EventType "team-tourn"]
[EventRounds "11"]
[EventCountry "SVK"]
[SourceTitle "EXT 2010"]
[Source "ChessBase"]
[SourceDate "2010.11.25"]
[SourceVersion "1"]
[SourceVersionDate "2010.11.25"]
[SourceQuality "1"]
[WhiteTeam "Bratislava Doprastav II"]
[BlackTeam "Devinska Nova Ves"]
[WhiteTeamCountry "SVK"]
[BlackTeamCountry "SVK"]

1. e4 e6 2. d4 d5 3. e5 c5 4. c3 Qb6 5. f4 Bd7 6. Nf3 Bb5 7. Bxb5+ Qxb5 8. Na3 Qb6 9. Nc2 Nc6 10. 0-0 Nh6 11. b3 Nf5 12. g4 Nfe7 13. Qd3 h5 14. h3 Ng6 15. f5 Ngxe5 16. Nxe5 cxd4 17. Nxc6 bxc6 18. fxe6 0-0-0 19. Rxf7 Re8 20. Bf4 hxg4 21. Qf5 Be7 22. Nxd4 Rxh3 23. Rxe7 Rxe7 24. Qf8+ Qd8 25. Qxd8+ Kxd8 26. Nxc6+ Ke8 27. Nxe7 Kxe7 28. Re1 Rxc3 29. Bg5+ Ke8 30. Re5 Rc6 31. e7 1-0

[Event "SVK-ch U16"]
[Site "Liptovsky Mikulas"]
[Date "2007.04.25"]
[Round "6"]
[White "Peitl, Tomas"]
[Black "Hurban, Martin"]
[Result "0-1"]
[WhiteElo "2029"]
[BlackElo "1746"]
[PlyCount "110"]
[EventDate "2007.04.22"]
[EventType "swiss"]
[EventRounds "9"]
[EventCountry "SVK"]
[SourceTitle "EXT 2008"]
[Source "ChessBase"]
[SourceDate "2007.11.25"]
[SourceVersion "1"]
[SourceVersionDate "2007.11.25"]
[SourceQuality "1"]

1. e4 e6 2. d4 d5 3. Nd2 Nf6 4. e5 Nfd7 5. Bd3 c5 6. c3 Nc6 7. Ne2 cxd4 8. cxd4 f6 9. Nf4 Nxd4 10. Qh5+ Ke7 11. Ng6+ hxg6 12. exf6+ Nxf6 13. Qxh8 Kf7 14. Qh4 e5 15. Nf3 Nxf3+ 16. gxf3 Qb6 17. 0-0 Bf5 18. Be3 Qe6 19. Bb5 a6 20. Ba4 Be7 21. Bg5 Rc8 22. Rac1 Rc4 23. Rxc4 dxc4 24. Re1 b5 25. Bd1 Bb4 26. Re3 Qd5 27. Be2 Bc5 28. Rc3 Bd4 29. Ra3 Qd6 30. Bc1 Qb4 31. Be3 Qxb2 32. Rxa6 Qxe2 33. Rxf6+ gxf6 34. Qh7+ Ke6 35. Qg8+ Kd7 36. Qf7+ Kc8 37. Qxf6 Qd1+ 38. Kg2 Bxe3 39. Qc6+ Kd8 40. Qf6+ Kd7 41. Qf7+ Kc6 42. a4 Qxa4 43. Qe8+ Kb7 44. fxe3 Qa5 45. Qf7+ Qc7 46. Qd5+ Kb6 47. e4 Qd7 48. Qxe5 Qd2+ 49. Kg3 Qg5+ 50. Kf2 Qh4+ 51. Ke3 Qe1+ 52. Kf4 Qd2+ 53. Kg3 Bd7 54. Qb8+ Kc5 55. Qf8+ Qd6+ 0-1